| 000 | 00000nam 2200000zi 4500 |
| 001 | 9.942794 |
| 003 | CaOODSP |
| 005 | 20250107144100 |
| 006 | m o d f |
| 007 | cr cn||||||||| |
| 008 | 240904t20242024onca obs f000 0 eng d |
| 020 | |a9780660734965 |
| 040 | |aCaOODSP|beng|erda|cCaOODSP |
| 043 | |an-cn--- |
| 086 | 1 |aCS11-627/2024-38E-PDF |
| 245 | 02|aA timeline of women in Canada's history. |
| 264 | 1|a[Ottawa] : |bStatistics Canada = Statistique Canada, |c[2024] |
| 264 | 4|c©2024 |
| 300 | |a1 online resource (1 unnumbered page) : |billustrations |
| 336 | |atext|btxt|2rdacontent |
| 337 | |acomputer|bc|2rdamedia |
| 338 | |aonline resource|bcr|2rdacarrier |
| 500 | |aCaption title. |
| 500 | |aIssued also in French under title: Chronologie de l'histoire des femmes au Canada. |
| 504 | |aIncludes bibliographical references. |
| 520 | |a"To commemorate Women's History Month, this infographic uses data from a number of Statistics Canada sources to highlight some of the achievements of women in Canada (e.g., educational attainment, representation in certain occupations and in leadership positions)"--Provided by publisher. |
| 650 | 0|aWomen|zCanada|vStatistics. |
| 650 | 0|aWomen|zCanada|xSocial conditions. |
| 655 | 7|aStatistics|2lcgft |
| 710 | 2 |aStatistics Canada, |eissuing body. |
| 775 | 08|tChronologie de l'histoire des femmes au Canada.|w(CaOODSP)9.942793 |
| 856 | 40|qPDF|s7.17 MB|uhttps://publications.gc.ca/collections/collection_2024/statcan/11-627-m/11-627-m2024038-eng.pdf |
| 856 | 4 |qHTML|sN/A|uhttps://www150.statcan.gc.ca/n1/pub/11-627-m/11-627-m2024038-eng.htm |